000 00884nam a22002417a 4500
001 76242
003 BD-RjUL
005 20211209082820.0
008 191117r20092004bg ||||| |||| 00| 0 eng d
020 _a9843108027
035 _a(BD-RjUL)76463
040 _aBD-RjUL
_beng
_cBD-RjUL
041 _aeng
082 _223
_a181.07
_bISI 2009
100 _aইসলাম, আমিনুল
_9234945
245 1 0 _aইসলাম ধর্ম ও মুসলিম দর্শন /
_cআমিনুল ইসলাম
250 _aপরিবর্ধিত ও পরিমার্জিত সং.
260 _aঢাকা :
_bউত্তরণ,
_c২০০৪ [মুদ্রণ ২০০৯]
300 _a৩০৭ পৃ. ;
_c২৩ সেমি.
650 _aইসলামী দর্শন
_9234946
650 _aIslamic philosophy
_9234947
942 _2ddc
_cBK
999 _c76242
_d76242